Tratado de Libre Comercio Centroamérica-Estados Unidos: proceso y resultados /

Uloženo v:
Podrobná bibliografie
Hlavní autor: Weisleder, Saúl
Korporativní autor: Universidad Estatal a Distancia
Další autoři: ed.
Médium: Text
Vydáno: San José: EUNED. BCIE
Témata:
Tagy: Přidat tag
Žádné tagy, Buďte první, kdo vytvoří štítek k tomuto záznamu!

MARC

LEADER 00000 a a2200000 04500
001 30450
003
040
020 |a 9968-31-351-3  
090 |a 195005  
100 |a Weisleder, Saúl  
110 |a Universidad Estatal a Distancia  
245 |a Tratado de Libre Comercio Centroamérica-Estados Unidos: proceso y resultados /  |c Saúl Weisleder 
260 |a San José:   |b EUNED. BCIE  
300 |a 332 p.  
650 |a ACUERDOS ECONOMICOS  
650 |a SECTOR AGROPECUARIO  
650 |a NEGOCIACIONES COMERCIALES  
650 |a EXPORTACIONES  
650 |a SUBSIDIOS A LAS EXPORTACIONES  
650 |a OMC  
650 |a ARANCELES  
650 |a CARNE DE CERDO  
650 |a INTEGRACION ECONOMICA  
650 |a ACCESO A LOS MERCADOS  
700 |a ed.  
999 |c 12857  |d 12857